000 00679nam a22002057a 4500
003 LK-CoMWRAF
005 20240503090931.0
008 240330b2003 |||||||| |||| 00| 0 eng d
040 _aLK-CoMWRAF
_dLK-CoMWRAF
_eLK-CoMWRAF
041 _atam
082 _a894.8113
_bPEC
100 _aபேச்சியப்பன், அ.
_vPechchiyappan, A.
245 _aசிந்திக்கத் தூண்டும் சிலேடைக் கதைகள்
246 _aCintikkat tūṇṭum cilēṭaik kataikaḷ
260 _aChennai:
_bSankar,
_c2003
300 _a96 p.
650 _aCHILDREN'S FICTION
650 _aTamil fiction- Short stories
942 _cBK
999 _c4872
_d4872